000 00534nam a22001817a 4500
003 NUST
005 20260305144646.0
008 260305b ||||| |||| 00| 0 eng d
020 _a 978-1032273266
082 _a910.285
_bLIN
100 _a Fahui Wang & Lingbo Liu.
_9133587
245 _aComputational Methods and GIS Applications in Social Science /
_c Fahui Wang & Lingbo Liu.
250 _a3rd Edition
260 _aBoca Rotan:
_bCRC Press,
_c2025.
300 _a406 p ;
_c36.00 cm
563 _aHardcover
942 _2ddc
_cBK
999 _c616533
_d616533